000 002960000a22001450004500
003 MACL
040 _aMACL
090 _c6375
_d6374
100 _aJusta, H R
245 _aThe Search for Beauty
260 _bAjanta publication
_c1988
350 _a60
650 _aPhilisophy
942 _cBOOK
_k100
999 _c6327
_d6327